000 00348 a2200157 4500
001 48847
020 _a8535703101
040 _cAnchieta - Bela Vista
100 _aCunha, Leo
240 1 0 _aAs pilhas fracas do tempo
_lpor
245 1 0 _aAs pilhas fracas do tempo
300 _a56
362 0 _a1994
650 4 _aLiteratura juvenil
942 _cBK
999 _c48847
_d48847